|
|
|
|
| LEADER |
01584nam a2200433Ia 4500 |
| 001 |
EBC401837 |
| 003 |
MiAaPQ |
| 005 |
20200520144314.0 |
| 006 |
m o d | |
| 007 |
cr cn||||||||| |
| 008 |
080530s2009 enk sb 001 0 eng d |
| 010 |
|
|
|z 2008022095
|
| 020 |
|
|
|z 9780415423229
|
| 020 |
|
|
|z 0415423228
|
| 020 |
|
|
|z 9780415423212
|
| 020 |
|
|
|z 041542321X
|
| 020 |
|
|
|z 9780203887110
|
| 020 |
|
|
|z 0203887115
|
| 035 |
|
|
|a (MiAaPQ)EBC401837
|
| 035 |
|
|
|a (Au-PeEL)EBL401837
|
| 035 |
|
|
|a (CaPaEBR)ebr10274222
|
| 035 |
|
|
|a (CaONFJC)MIL193222
|
| 035 |
|
|
|a (OCoLC)437241854
|
| 040 |
|
|
|a MiAaPQ
|c MiAaPQ
|d MiAaPQ
|
| 050 |
|
4 |
|a HB98.2
|b .M55 2009
|
| 100 |
1 |
|
|a Milonakis, Dimitris.
|
| 245 |
1 |
0 |
|a From political economy to economics
|h [electronic resource] :
|b method, the social and the historical in the evolution of economic theory /
|c Dimitris Milonakis and Ben Fine.
|
| 260 |
|
|
|a London ;
|a New York :
|b Routledge,
|c 2009.
|
| 300 |
|
|
|a xiii, 374 p.
|
| 490 |
1 |
|
|a Economics as social theory
|
| 504 |
|
|
|a Includes bibliographical references (p. [327]-355) and indexes.
|
| 533 |
|
|
|a Electronic reproduction. Ann Arbor, MI : ProQuest, 2015. Available via World Wide Web. Access may be limited to ProQuest affiliated libraries.
|
| 650 |
|
0 |
|a Neoclassical school of economics
|x History.
|
| 650 |
|
0 |
|a Economics
|x History.
|
| 655 |
|
4 |
|a Electronic books.
|
| 700 |
1 |
|
|a Fine, Ben.
|
| 710 |
2 |
|
|a ProQuest (Firm)
|
| 830 |
|
0 |
|a Economics as social theory.
|
| 856 |
4 |
0 |
|u https://ebookcentral.proquest.com/lib/matrademy/detail.action?docID=401837
|z Click to View
|